Представление документа в формате MARC21

Поле Инд. ПП Название Значение
Тип записи a
Библиографический уровень b
001 Контрольный номер RU/IS/BASE/234698561
005 Дата корректировки 20200630193238.3
040 b Код языка каталог. rus
e Правила каталог. PSBO
041 0_ a Код языка текста rus
084 a Индекс другой классификации/Индекс ББК 81.411.2-213; 74.480.268.19=411.2,9
100 1_ a Автор Всеволодова М. В.
245 10 a Заглавие К вопросу о функционально-контрастивном описании неопределенных местоимений с частицами кое-, -либо, -нибудь, -то в целях преподавания этой категории местоименных слов в иноязычной аудитории
504 a Библиография Библиогр. - Примеч.: с. 46
650 04 a Основная рубрика высшее образование
a Основная рубрика дидактика
a Основная рубрика методика преподавания
a Основная рубрика образование
a Основная рубрика профессиональное образование
a Основная рубрика русский язык
a Основная рубрика филологические науки
a Основная рубрика частное языкознание
a Основная рубрика языкознание
653 0_ a Ключевые слова испаноговорящие студенты
a Ключевые слова категория неопределенности
a Ключевые слова категория определенности
a Ключевые слова контрастивная лингвистика
a Ключевые слова контрастивный метод
a Ключевые слова местоимение
a Ключевые слова местоименные прилагательные
a Ключевые слова неопределенные местоимения
a Ключевые слова преподавание иностранных языков
a Ключевые слова преподавание русского языка
a Ключевые слова русский язык как иностранный
a Ключевые слова типологический анализ
a Ключевые слова языковая картина мира
a Ключевые слова языковые категории
773 0_ t Заглавие источника Вестник Московского университета. Серия 9, Филология
d Дата издания источника 2006
g Прочая информация № 6. - С. 41 - 46
w Контрольный № источника RU/IS/BASE/225296183
901 t Тип документа b